<?xml version="1.0" encoding="UTF-8"?>
<record
    xmlns:xsi="http://www.w3.org/2001/XMLSchema-instance"
    xsi:schemaLocation="http://www.loc.gov/MARC21/slim http://www.loc.gov/standards/marcxml/schema/MARC21slim.xsd"
    xmlns="http://www.loc.gov/MARC21/slim">

  <leader>00615nam a22002057a 4500</leader>
  <controlfield tag="005">20241104125608.0</controlfield>
  <controlfield tag="008">241104b        sa ||||e |||| 00| 0 eng d</controlfield>
  <datafield tag="020" ind1=" " ind2=" ">
    <subfield code="a">9780006514404</subfield>
    <subfield code="q">pbk</subfield>
  </datafield>
  <datafield tag="040" ind1=" " ind2=" ">
    <subfield code="a">RDA</subfield>
    <subfield code="c">3228</subfield>
  </datafield>
  <datafield tag="041" ind1=" " ind2=" ">
    <subfield code="2">E</subfield>
  </datafield>
  <datafield tag="082" ind1=" " ind2=" ">
    <subfield code="a">EF BRAD</subfield>
  </datafield>
  <datafield tag="100" ind1=" " ind2=" ">
    <subfield code="a">Bradford, Barbara  Taylor</subfield>
  </datafield>
  <datafield tag="245" ind1=" " ind2="0">
    <subfield code="a">Three Weeks  In Paris /</subfield>
    <subfield code="c">Bradford, Barbara  Taylor</subfield>
  </datafield>
  <datafield tag="260" ind1=" " ind2=" ">
    <subfield code="a">Great Britain :</subfield>
    <subfield code="b">Harper Collins  Publishers ,</subfield>
    <subfield code="c">c2003</subfield>
  </datafield>
  <datafield tag="300" ind1=" " ind2=" ">
    <subfield code="a">444 Pages ,</subfield>
    <subfield code="c">18cm</subfield>
  </datafield>
  <datafield tag="521" ind1=" " ind2=" ">
    <subfield code="a">Suitable for Adults </subfield>
  </datafield>
  <datafield tag="650" ind1=" " ind2="0">
    <subfield code="2">LOC</subfield>
    <subfield code="9">188604</subfield>
    <subfield code="a">Adult Fiction</subfield>
  </datafield>
  <datafield tag="942" ind1=" " ind2=" ">
    <subfield code="w">561</subfield>
    <subfield code="x">John Tresidder</subfield>
    <subfield code="y">12584</subfield>
    <subfield code="z">Sanelisiwe Majola</subfield>
  </datafield>
  <datafield tag="942" ind1=" " ind2=" ">
    <subfield code="c">BK</subfield>
    <subfield code="2">lcc</subfield>
  </datafield>
  <datafield tag="999" ind1=" " ind2=" ">
    <subfield code="c">676906</subfield>
    <subfield code="d">676905</subfield>
  </datafield>
  <datafield tag="952" ind1=" " ind2=" ">
    <subfield code="0">0</subfield>
    <subfield code="1">0</subfield>
    <subfield code="4">0</subfield>
    <subfield code="7">0</subfield>
    <subfield code="a">EASTL</subfield>
    <subfield code="b">EASTL</subfield>
    <subfield code="d">2022-06-23</subfield>
    <subfield code="g">80.00</subfield>
    <subfield code="l">0</subfield>
    <subfield code="p">33089000218309</subfield>
    <subfield code="r">2022-06-23</subfield>
    <subfield code="w">2022-06-23</subfield>
    <subfield code="y">BK</subfield>
    <subfield code="z">1126/14</subfield>
  </datafield>
  <datafield tag="952" ind1=" " ind2=" ">
    <subfield code="0">0</subfield>
    <subfield code="1">0</subfield>
    <subfield code="2">lcc</subfield>
    <subfield code="4">0</subfield>
    <subfield code="7">0</subfield>
    <subfield code="a">KLIPL</subfield>
    <subfield code="b">KLIPL</subfield>
    <subfield code="c">FIC</subfield>
    <subfield code="d">2024-11-04</subfield>
    <subfield code="l">0</subfield>
    <subfield code="o">EF BRAD</subfield>
    <subfield code="p">33228020983290</subfield>
    <subfield code="r">2024-11-04</subfield>
    <subfield code="w">2024-11-04</subfield>
    <subfield code="y">BK</subfield>
    <subfield code="z">0940077662</subfield>
  </datafield>
</record>
